| 000 | 00329nam a22001337a 4500 | ||
|---|---|---|---|
| 020 | _a9780470391778 | ||
| 050 |
_aGC 21.5 _b.K5 |
||
| 100 | _aKimberley, Michael M. | ||
| 245 |
_aDiscussing Oceans _b Michael M. Kimberley |
||
| 260 |
_aNorthern Carolina: _bWiley _c2009 |
||
| 300 | _a305p.: | ||
| 650 | _bOceans | ||
| 942 |
_2lcc _cGEN |
||
| 999 |
_c8495 _d8495 |
||